5 meilleurs buteurs par club #1 - Statistiques

Statistiques générales
  • Ce quiz a été pris 251 fois
  • Le résultat moyen est 13 sur 25
Statistiques - réponses
Club Club actuel Nationalité Nombre de buts Joueur % Correct
Manchester City Retraité Argentin 260 Aguero
96%
Arsenal FC Retraité Français 228 Henry
95%
Chelsea FC Retraité Ivoirien 164 Drogba
92%
FC Liverpool FC Liverpool Egyptien 186 Salah
92%
Manchester City Manchester City Belge 96 De Bruyne
91%
Chelsea FC Real Madrid Belge 110 Hazard
90%
Manchester City Arsenal FC Brésilien 95 Jesus
85%
Chelsea FC Retraité Anglais 211 Lampard
80%
Manchester City Chelsea FC Anglais 131 Sterling
77%
Manchester United Retraité Anglais 253 Rooney
74%
Manchester United Retraité Gallois 164 Giggs
69%
Arsenal FC Retraité Néerlandais 132 Van Persie
67%
Arsenal FC Retraité Néerlandais 115 Bergkamp
48%
FC Liverpool Retraité Anglais 186 Gerrard
48%
FC Liverpool Retraité Gallois 336 Rush
43%
Arsenal FC FC Southampton Anglais 108 Walcott
36%
Manchester United Retraité Anglais 169 Charlton
26%
Manchester United Retraité Anglais 153 Scholes
23%
Arsenal FC Retraité Anglais 156 Wright
22%
FC Liverpool Retraité Anglais 183 Fowler
8%
Manchester United Retraité Ecossais 195 Law
4%
Manchester City Retraité Bermudien 97 Goater
3%
FC Liverpool Retraité Anglais 252 Hunt
1%
Chelsea FC Retraité Anglais 138 Osgood
1%
Chelsea FC Retraité Anglais 161 Tambling
0%
Aucun quiz correspondant
Distribution des résultats
% des personnes avec chaque résultat
Percentile par nombre de réponses
Votre historique - résultats
Vous n’avez pas pris ce quiz